|
|
|
|
| LEADER |
00000nam a22000007a 4500 |
| 005 |
20171122172925.0 |
| 007 |
cr|||| |||| |
| 008 |
171122s2007 mx |||||s|||| 00||0 spa d |
| 020 |
|
|
|a 978-970-701-978-2
|
| 035 |
|
|
|a 20860
|
| 040 |
|
|
|a vLex
|
| 090 |
|
|
|c 7233
|d 7233
|
| 100 |
1 |
|
|a Martn̕ez Sǹchez, Len̤ Javier
|
| 245 |
1 |
2 |
|a La inconstitucionalidad por omisin̤ legislativa
|h [Recurso electrn̤ico] /
|c Len̤ Javier Martn̕ez Sǹchez
|
| 256 |
|
|
|a Servicio en ln̕ea
|
| 260 |
|
|
|a Ciudad de Mx̌ico:
|b Cm̀ara de Diputados,
|c 2007
|
| 300 |
|
|
|a 1 recurso electrn̤ico
|
| 506 |
1 |
|
|a Disponible solo en los productos indicados
|d vLex Global
|d vLex Global (Academic Edition, excluding Law Schools)
|d vLex Global (U.S. Academic Edition, Law Schools)
|d vLex Global (U.S. Academic Edition, excluding Law Schools)
|d vLex Global (Academic Edition, Law Schools)
|
| 650 |
0 |
4 |
|a Derecho Constitucional
|z Mx̌ico
|
| 740 |
0 |
|
|a vLex Libros (Servicio en ln̕ea)
|
| 856 |
4 |
0 |
|u http://vlex.com/source/inconstitucionalidad-por-omision-legislativa-20860/
|z Acceso restringido
|
| 942 |
|
|
|c BOOK
|
| 999 |
0 |
|
|a Constitutional law
|